000 00531nam a2200181 4500
005 20250613155338.0
010 _aENG-145350
020 _a9789393737038
_c160.00
035 _aEN-128882
037 _bDBAD
082 _a813.54
100 _aT. Rohitvishwa
_982023
245 _aThunderbird/
_cRohitvishwa T.
260 _aMadurai
_bShanlax Publications
_c2022
270 _a61,66 Vasantha Nagar
_bMadurai
_e625003
_mshanlaxpublications@gmail.com
300 _a61p.
_c22cm(Pb)
942 _2ddc
_cEN
_h813.54
_mTRO
999 _c211800
_d211800